The usage of carbon black in the rubber industry (Record no. 41343)
[ view plain ]
| 000 -LEADER | |
|---|---|
| fixed length control field | 00349nam a2200133Ia 4500 |
| 082 ## - DEWEY DECIMAL CLASSIFICATION NUMBER | |
| Classification number | 678.046.2:678 |
| Item number | WEE |
| 100 ## - MAIN ENTRY--AUTHOR NAME | |
| Personal name | Weereratne, Sheana |
| 245 #4 - TITLE STATEMENT | |
| Title | The usage of carbon black in the rubber industry |
| 260 ## - PUBLICATION, DISTRIBUTION, ETC. (IMPRINT) | |
| Place of publication | U K |
| Name of publisher | IRSG |
| 650 ## - SUBJECT ADDED ENTRY--TOPICAL TERM | |
| Topical Term | Carbon black |
| 650 ## - SUBJECT ADDED ENTRY--TOPICAL TERM | |
| Topical Term | Rubber industry |
| 942 ## - ADDED ENTRY ELEMENTS (KOHA) | |
| Koha item type | Books |
| Withdrawn status | Lost status | Damaged status | Not for loan | Home library | Current library | Date acquired | Cost, normal purchase price | Full call number | Accession Number | Koha item type |
|---|---|---|---|---|---|---|---|---|---|---|
| RRII Library | RRII Library | 16/12/2021 | 25.00 | 678.046.2:678 WEE | 21631 | Books |